| 000 | 00755nam a2200253 i 4500 | ||
|---|---|---|---|
| 003 | DO-SdBNP | ||
| 005 | 20260422112320.0 | ||
| 007 | ta | ||
| 008 | 260422b2021 dr ||||| |||| 00| 0 spa d | ||
| 020 | _a9789945930405 | ||
| 040 |
_aDO-SdBNP _bspa _cBNPHU _erda |
||
| 041 | _aspa | ||
| 082 | 4 |
_axxx _bC389r _222 |
|
| 100 | 1 |
_aCedano, Mario J. _eautor _4aut. _924694 |
|
| 245 | 1 | 0 |
_aRazones para amar / _cMario J. Cedano. |
| 264 |
_aSanto Domingo, República Dominicana : _bTalleres Gráficos de Editora Roca, _c2021. |
||
| 300 |
_a165 páginas ; _c23 cm. |
||
| 336 |
_atexto _btxt _2rdacontent |
||
| 337 |
_asin mediación _bn _2rdamedia |
||
| 338 |
_avolumen _bnc _2rdacarrier |
||
| 590 | _aInventariado, 2026 / LP | ||
| 910 | _aLP | ||
| 942 |
_2ddc _cLBS1 |
||
| 999 |
_c60600 _d60600 |
||